| 000 | 00463nam a22001577a 4500 | ||
|---|---|---|---|
| 003 | OSt | ||
| 005 | 20241203113523.0 | ||
| 008 | 241203b |||||||| |||| 00| 0 eng d | ||
| 040 | _c. | ||
| 050 |
_aNK1175 _b.M37 |
||
| 100 | _aMargolin, Victor | ||
| 245 |
_aWorld History of Design/ _bprehistoric times to World War I, Volume 1 _cVictor Margolin |
||
| 260 |
_aLondon _bBloomsbury Academic _c2017 |
||
| 300 |
_axvii.591p. _bill. some color _c24.5cm |
||
| 942 |
_2lcc _cBK _n0 |
||
| 999 |
_c1930 _d1930 |
||